000 00556nam a2200229Ia 4500
003 OSt
005 20220928102713.0
006 a|||||r|||| 00| 0
007 ta
008 220927b |||||||| |||| 00| 0 eng d
024 _a107868
037 _cTextual
040 _aSDCL
_cSDCL
_beng
041 _2eng
_aeng
082 _a4, P0
100 _aWilliams Remand
_9399897
245 0 _aSanchar madhyamo ka verg charitra.
260 _c2000
300 _a175p.
_ccm.
942 _h4, P0
_cTEXL
_2CC
999 _c715804
_d715804